Evaluation of fiscal rules in the Euro Area and in the United Kingdom

Problematika fiškálnej regulácie, porovnanie Paktu stability a rastu po reforme Six-pack a fiškálne pravidlá Spojeného kráľovstva

Saved in:
Bibliographic Details
Main Author: Sankot, Ondřej
Other Authors: Hronešová, Barbora
Format: Book Chapter
Language:English
Subjects:
Tags: Add Tag
No Tags, Be the first to tag this record!

MARC

LEADER 00000naa a2200000 4500
001 0237896
005 20220805075507.8
041 0 |a eng 
044 |a SK 
245 1 0 |a Evaluation of fiscal rules in the Euro Area and in the United Kingdom  |c Ondřej Sankot, Barbora Hronešová 
520 |a Problematika fiškálnej regulácie, porovnanie Paktu stability a rastu po reforme Six-pack a fiškálne pravidlá Spojeného kráľovstva 
610 2 0 |a politika fiškálna 
610 2 0 |a Veľká Británia 
610 2 0 |a eurozóna 
610 2 0 |a regulácia finančná 
610 2 0 |a rast hospodársky 
610 2 0 |a pravidlá rozpočtové 
100 1 |a Sankot, Ondřej 
700 1 |a Hronešová, Barbora